000 00740nam a22002057a 4500
999 _c10480
_d10480
003 AR-CdUCM
008 190401b ||||| |||| 00| 0 spa d
040 _aMUNICIPALIDAD PROVINCIAL DEL CUSCO
_cBIBLIOTECA MUNICIPAL DEL CUSCO
082 _a859.568 /
_bAN61 L /1962
100 _aAngeles Caballero, César A.
_96978
245 _aValdelomar, conferenciante /
260 _aIca :
_bTalleres gráficos la voz de Ica,
_c1962.
300 _a50 paginas ;
_bIlustraciones,
_c21 cm.
505 _aContenido :Itinerario -- tipos de conferencia -- Los temas -- Plna de las conferencias -- La propaganda...
650 _aValdelomar
_96037
650 _aLiteratura peruana
_9169
650 _aEnsayos
_9375
942 _2ddc
_cLIBROS
945 _awnts